Comentarios a la Ley 23.696 de reforma administrativa (Registro nro. 8522)

Detalles MARC
000 -LEADER
fixed length control field 00985nas a2200229 454500
001 - CONTROL NUMBER
control field 19372
005 - DATE AND TIME OF LATEST TRANSACTION
control field 20260407193505.0
008 - FIXED-LENGTH DATA ELEMENTS--GENERAL INFORMATION
fixed length control field 260407s ####ag###########|||spa#d
003 - CONTROL NUMBER IDENTIFIER
control field AR-UNSa-BCEJYS
040 ## - CATALOGING SOURCE
Original cataloging agency AR-UNSa-BCEJYS
Language of cataloging spa
Transcribing agency AR-UNSa-BCEJYS
080 ## - UNIVERSAL DECIMAL CLASSIFICATION NUMBER
Universal Decimal Classification number 35
Common auxiliary subdivision Administración Pública
245 10 - TITLE STATEMENT
Title Comentarios a la Ley 23.696 de reforma administrativa
264 #1 - PRODUCTION, PUBLICATION, DISTRIBUTION, MANUFACTURE, AND COPYRIGHT NOTICE
Place of production, publication, distribution, manufacture Buenos Aires :
Name of producer, publisher, distributor, manufacturer Ciencias de la Administración
310 ## - CURRENT PUBLICATION FREQUENCY
Current publication frequency Frecuencia: irregular<br/>Comentarios de Jesús L. Abad Hernando; Rodolfo C. Barra; Alberto B. Bianchi; Juan C. Cassagne; Julio R. Comadira; Guillermo E. Fanelli Evans; David A. Halperin; Héctor Mairal; Gustavo A. Revidatti
590 ## - LOCAL NOTE (RLIN)
Local note niveau_biblio:s niveau_hierar:1
650 ## - SUBJECT ADDED ENTRY--TOPICAL TERM
Topical term or geographic name entry element ADMINISTRACION PUBLICA
650 ## - SUBJECT ADDED ENTRY--TOPICAL TERM
Topical term or geographic name entry element Estado
650 ## - SUBJECT ADDED ENTRY--TOPICAL TERM
Topical term or geographic name entry element ley 23 696
650 ## - SUBJECT ADDED ENTRY--TOPICAL TERM
Topical term or geographic name entry element Ley 23.696
856 41 - ELECTRONIC LOCATION AND ACCESS
Uniform Resource Identifier <a href="https://biblioeco.unsa.edu.ar/pmb/images/revistas/Comentarios a la Ley 23.696 de Reforma Administrativa.jpg">https://biblioeco.unsa.edu.ar/pmb/images/revistas/Comentarios a la Ley 23.696 de Reforma Administrativa.jpg</a>
Link text Imagen de portada
Electronic format type image/jpeg
942 ## - ADDED ENTRY ELEMENTS (KOHA)
Koha item type
Existencias
Withdrawn status Lost status Damaged status Not for loan Home library Current library Shelving location Date acquired Serial enumeration / chronology Total checkouts Full call number Barcode Date last seen Price effective from Koha item type
        Biblioteca Prof. Eusebio Cleto del Rey Biblioteca Prof. Eusebio Cleto del Rey   01/01/1990 Nº 1   H35 COM 1 R08539 10/04/2026 10/04/2026 Numero
        Biblioteca Prof. Eusebio Cleto del Rey Biblioteca Prof. Eusebio Cleto del Rey   01/01/1990 Nº 1   H35 COM 1 Ej.2 R08540 10/04/2026 10/04/2026 Numero
        Biblioteca Prof. Eusebio Cleto del Rey Biblioteca Prof. Eusebio Cleto del Rey   01/01/1990 Nº 1   H35 COM 1 Ej.3 R08541 10/04/2026 10/04/2026 Numero